MARC

LEADER 00000cam a2200000 7i4500
001 0000007809
005 20160106093000.0
008 021119n
020 |a 9812043586 
090 0 0 |a DS595   |b .M26 1970 
100 0 |a Mahathir bin Mohamad ,   |d 1925- ,   |e author 
240 0 0 |a The Malay dilemma   |l [Bahasa Malaysia] 
245 0 0 |a Dilema Melayu   |c Mahathir bin Mohamad   |f diterjemahkan oleh Ibrahim Saad 
260 2 |a Singapure ;   |a Kuala Lumpur :   |b Times Books International ,   |c 1987 
300 |a vii, 222 ms. ; ;   |c 21 sm. 
501 |a Terjemahan: The Malay dilema 
650 0 |a Malays (Asian people)   |z Malaysia   |x Economic conditions 
650 0 |a Malays (Asian people)   |z Malaysia   |x Social conditions 
651 0 |a Malaysia   |x Economic conditions 
651 0 |a Malaysia   |x Race relations 
700 0 |a Ibrahim Saad ,   |d 1964- ,   |e author 
999 |a 1000056169   |b Book   |c OPEN SHELF (30 DAYS)   |e Gong Badak Campus